Роль венчурного финансирования в осуществлении инновационных проектов; Энергия молодых - экономике России; Ч. 2

Chi tiết về thư mục
Parent link:Энергия молодых - экономике России: труды V Всероссийской научно-практической конференции студентов и молодых ученых, посвященной столетию экономического образования в Томском политехническом университете, Томск, 20-24 апреля 2004 г./ Томский политехнический университет; Вольное экономическое общество России; Энергия молодых - экономике России. Всероссийская научно-практическая конференция студентов и молодых ученых.— , 2004-
Ч. 2.— 2004.— С. 92-93
Tác giả chính: Кривозубова А. Е.
Tác giả khác: Покровская О. Ю.
Ngôn ngữ:Tiếng Nga
Được phát hành: 2004
Những chủ đề:
Định dạng: Chương của sách
KOHA link:https://koha.lib.tpu.ru/cgi-bin/koha/opac-detail.pl?biblionumber=223384

MARC

LEADER 00000naa2a2200000 4500
001 223384
005 20231031200214.0
035 |a (RuTPU)RU\TPU\book\243632 
090 |a 223384 
100 |a 20121010d2004 k y0rusy50 ca 
101 0 |a rus 
102 |a RU 
200 1 |a Роль венчурного финансирования в осуществлении инновационных проектов  |f А. Е. Кривозубова, О. Ю. Покровская 
461 0 |0 (RuTPU)RU\TPU\book\82991  |t Энергия молодых - экономике России  |o труды V Всероссийской научно-практической конференции студентов и молодых ученых, посвященной столетию экономического образования в Томском политехническом университете, Томск, 20-24 апреля 2004 г.  |o В 2 ч.  |f Томский политехнический университет; Вольное экономическое общество России; Энергия молодых - экономике России. Всероссийская научно-практическая конференция студентов и молодых ученых  |d 2004- 
463 0 |0 (RuTPU)RU\TPU\book\82863  |t Ч. 2  |v С. 92-93  |d 2004 
610 1 |a инновационные проекты 
610 1 |a финансирование 
610 1 |a венчурное инвестирование 
610 1 |a бизнес 
610 1 |a труды учёных ТПУ 
700 1 |a Кривозубова  |b А. Е. 
701 1 |a Покровская  |b О. Ю. 
801 1 |a RU  |b 63413507  |c 20121010 
801 2 |a RU  |b 63413507  |c 20161006  |g RCR 
942 |c BK